000 00844nam a2200193 a 4500
001 34902
005 20180714003124.0
008 140415d 000 0 eng d
020 _a0201684972
041 _aeng
082 _a004.019
_bSHN
100 1 _aSHNEIDERMAN, BEN
245 1 0 _aDESIGNING THE USER INTERFACE :
_bSTRATEGIES FOR EFFECTIVE HUMAN-COMPUTER INTERACTION
250 _a3a ed.
260 _a[s.l.] :
_bADDISON WESLEY LONGMAN,
_c[s.f.]
300 _a639
_c16.8 x 3.8 x 24
520 _aEN ESTE LIBRO SE HABLA DE EL USO DE INTERFACE QUE ES LA PARTE DE CADA SISTEMA DE COMPUTO QUE DETERMINA COMO LA GENTE CONTROLA Y OPERA ESTE SISTEMA. AYUDA A CREAR SISTEMAS QUE FACILITEN EL RÁPIDO APRENDIZAJE Y EVITA EL COMETER ERRORES.
650 1 4 _aINTERACCION HOMBRE
_xCOMPUTADOR
_xINTERFACES CON EL USUARIO (COMPUTADORES)
999 _c34902
_d34902